| 000 | 00394nam a2200157Ia 4500 | ||
|---|---|---|---|
| 008 | 230312s9999||||xx |||||||||||||| ||und|| | ||
| 020 | _a81-7029-378-2 | ||
| 082 |
_a629.89 _bHUN-N |
||
| 100 | _aJain Hungenahally | ||
| 245 | 0 | _aNeuro-Intelligent System | |
| 260 |
_aDelhi _c1994 |
||
| 300 | _a277 | ||
| 546 | _aEng. | ||
| 650 |
_aEngineering _vIntroduction.Objectives of the Book |
||
| 942 | _cBK | ||
| 999 |
_c1243 _d1243 |
||